| 000 | 00959nam a22002177a 4500 | ||
|---|---|---|---|
| 999 |
_c65375 _d65375 |
||
| 005 | 20240530110821.0 | ||
| 008 | 190711s2019 ua a g 000 0 ara d | ||
| 017 |
_a2018/26927 _bمصر. دار الكتب |
||
| 020 | _a9789773833539 | ||
| 040 |
_aEG-CaGPL _cEG-CaGPL |
||
| 082 | 0 | 4 |
_221 _a616.8914 / _bم ع |
| 100 | 0 | _aمنتصر صلاح فتحى احمد | |
| 245 | 1 | 2 |
_aالعلاج المعرفى السلوكى لنوبات الهلع المصحوبة برهاب الخلاء : _bبرنامج علاجى تفصيلى / _cاعداد منتصر صلاح فتحى احمد ؛ تقديم ومراجعة محمد نجيب الصبوة |
| 250 | _aط.1 | ||
| 260 |
_aالقاهرة : _bايتراك للطباعة و النشر و التوزيع، _c2019 . |
||
| 300 |
_a455 ص. ؛ _c24 سم. |
||
| 650 | 0 | 7 |
_2qrmak _aعلم النفس العلاجى |
| 650 | 0 | 7 |
_aالهلع _2qrmak |
| 942 |
_2ddc _cBK |
||